Příručka družstevního práva, platného v republice československé

Salvato in:
Dettagli Bibliografici
Natura: Libro
Lingua:ceco
Pubblicazione: Praha Josef Svoboda 1934
Tags: Aggiungi Tag
Nessun Tag, puoi essere il primo ad aggiungerne!!

MARC

LEADER 00000nam a2200000 4500
001 0268710
005 20240822101712.7
041 0 |a cze 
044 |a -CS 
245 1 0 |a Příručka družstevního práva, platného v republice československé  |c Jaroslav Štěpina 
264 1 |a Praha  |b Josef Svoboda  |c 1934